Statistics for USA Presidents 1-15

Click here to take the quiz!

General Stats

  • This quiz has been taken 16 times
  • The average score is 13 of 15

Answer Stats

HintAnswer% Correct
1George Washington
100%
4James Madison
100%
5James Monroe
100%
2John Adams
100%
6John Quincy Adams
100%
3Thomas Jefferson
100%
11James Polk
93%
7Andrew Jackson
86%
10John Tyler
86%
9William Henry Harrison
86%
8Martin Van Buren
79%
12Zachary Taylor
79%
14Franklin Pierce
71%
15James Buchanan
71%
13Millard Fillmore
71%

Score Distribution

Percentile by Number Answered

Percent of People with Each Score

Your Score History

You have not taken this quiz